| 000 | 00462nam a2200157 i 4500 | ||
|---|---|---|---|
| 001 | 44541 | ||
| 003 | ES-MaACL | ||
| 005 | 20230906161043.0 | ||
| 007 | t| | ||
| 008 | 030321s1952 sp ||||1| spa d | ||
| 100 | 1 |
_aClemente Romeo, Esteban. _939208 |
|
| 245 | 1 | 4 |
_aLas siete palabras _b: sonetos / _cEsteban Clemente Romeo. |
| 260 |
_aBilbao : _b[s.n., _c1952] ( _fTalls. Editorial Vasca) |
||
| 300 |
_a53 p. ; _c21 cm. |
||
| 852 |
_aES-MaACL _j1934-F-12 _bR.32419 |
||
| 999 |
_c44541 _d44541 |
||